L'odore dell'aglio /

সংরক্ষণ করুন:
গ্রন্থ-পঞ্জীর বিবরন
প্রধান লেখক: Bonacini, Mario, (1950- ) (লেখক)
বিন্যাস: গ্রন্থ
ভাষা:ইতালিয়
প্রকাশিত: Marina di Massa : Edizioni clandestine, 2004
মালা:Gasoline
ট্যাগগুলো: ট্যাগ যুক্ত করুন
কোনো ট্যাগ নেই, প্রথমজন হিসাবে ট্যাগ করুন!

MARC

LEADER 00000nam a22000007i 4500
001 IT\ICCU\LO1\0888463
003 ItRI
005 20240326185835.0
008 041123s2004 it |||||| ||||| |||||c
020 |a 8887899797 
040 |b ita  |c GP 
041 7 |a ita  |2 ISO-639-2 
100 1 |a Bonacini, Mario,  |d  (1950- )  |0 IT\ICCU\LO1V\180724  |4 aut 
245 1 2 |a L'odore dell'aglio /  |c Mario Bonacini. 
260 |a Marina di Massa :  |b Edizioni clandestine,  |c 2004 
300 |a 172 p. ;  |c 19 cm. 
830 0 |a Gasoline  |0 IT\ICCU\LO1\0752656 
942 |2 ddc  |c BK 
952 |0 0  |1 0  |2 ddc  |4 0  |6 853_920000000000000_BON  |7 1  |9 1100  |a RM  |b RM  |d 2024-03-26  |l 0  |o 853.92 BON  |p 623  |r 2024-03-26 18:59:04  |w 2024-03-26  |y BK 
981 1 |6 z01  |a i   |b xxxe  
982 1 |6 z01  |a n 
999 |c 1007  |d 1007